Rozpočet - nástroj hospodárenia škôl a školských zariadení

Pohľad na pravidlá rozpočtového hospodárenia, ktoré sú povinné školy dodržiavať.

Guardado en:
Detalles Bibliográficos
Autor principal: Veverková, Ingrid
Formato: Capítulo de libro
Lenguaje:eslovaco
Materias:
Etiquetas: Agregar Etiqueta
Sin Etiquetas, Sea el primero en etiquetar este registro!

MARC

LEADER 00000naa a2200000 4500
001 0130339
005 20231127102357.0
041 0 |a slo 
044 |a SK 
245 1 0 |a Rozpočet - nástroj hospodárenia škôl a školských zariadení  |c Ingrid Veverková 
520 |a Pohľad na pravidlá rozpočtového hospodárenia, ktoré sú povinné školy dodržiavať. 
610 2 0 |a hospodárenie finančné 
610 2 0 |a rozpočtovanie 
610 2 0 |a školy 
610 2 0 |a zariadenia školské 
100 1 |a Veverková, Ingrid